European countries in reverse alphabetical order - Statistics

General Stats
  • This quiz has been taken 56 times
    55 since last reset
  • The average score is 32 of 45
Answers on the Map
Answers color-coded by a green-red scale on the quiz's map according to % correct below.
 
Answer Stats
Answer % Correct
Ukraine
93%
United kingdom
93%
Vatican city
89%
Poland
79%
Russia
79%
Slovakia
79%
Slovenia
79%
Spain
79%
Sweden
79%
Switzerland
79%
Montenegro
75%
North macedonia
75%
Norway
75%
Portugal
75%
Romania
75%
San marino
75%
Serbia
75%
Albania
71%
Andorra
71%
Kosovo
71%
Latvia
71%
Lithuania
71%
Luxembourg
71%
Moldova
71%
Monaco
71%
Netherlands
71%
Austria
68%
Belgium
68%
Liechtenstein
68%
Malta
68%
Hungary
64%
Belarus
61%
Bosnia and Herzegovina
61%
Bulgaria
61%
Croatia
61%
Czechia
61%
Denmark
61%
Estonia
61%
Finland
61%
France
61%
Germany
61%
Greece
61%
Iceland
61%
Ireland
61%
Italy
61%
No matching quizzes found
Score Distribution
Percent of People with Each Score
Percentile by Number Answered
Your Score History
You have not taken this quiz since the last reset